000
00271nam a2200109Ia 4500
008
170627s9999 xx 000 0 und d
100
_a
PAREEK- UDAI
245
0
_a
BEHAVIOURAL PROCESSES IN ORGANIZATION
260
_b
OXFORD
260
_c
2005
546
_a
ENGLISH
690
_a
ORGANIZATIONAL BEHAVIOUR
999
_c
35371
_d
35371